| 000 | 00604nam a2200229Ia 4500 | ||
|---|---|---|---|
| 008 | 180523s9999 xx 000 0 und d | ||
| 020 | _a981-244-880-2 | ||
| 050 | _aMAIN QA 154.2 | ||
| 050 | _b.L53 2005 | ||
| 100 | _aLial, Margaret L. | ||
| 245 | 0 | _aAlgebra for college students / | |
| 245 | 0 | _cMargaret L. Lial, John Hornsby, Terry McGinnis. | |
| 250 | _a9th Edition | ||
| 260 | _aSingapore : | ||
| 260 | _bPearson Education South Asia, | ||
| 260 | _c2005 | ||
| 300 | _a800 pages : | ||
| 300 | _billustrations ; | ||
| 300 | _c25 cm. | ||
| 500 | _aIncludes index. | ||
| 650 | _aAlgebra. | ||
| 999 |
_c357437 _d357437 |
||